000 00758nam a2200229Ii 4500
003 JO-AjNU
008 230605s9999||||xx |||||||||||||| ||und||
017 _a2002/14465
020 _a977-01-8039-4
040 _aJO-AjNU
_bara
_erda
_cJO-AjNU
041 _aara
050 1 4 _aPJ7816 2002
100 3 _aتأليف البساطي،محمد,
_eauthor
_97308
245 0 0 _aالمقهى الزجاجي والأيام الصعبة (روايتان)
264 3 1 _aالقاهرة:مكتبة الأسرة،2002
300 _a129ص
336 _atext
_btxt
_2rdacontent
337 _aunmediated
_bn
_2rdamedia
338 _avolume
_bnc
_2rdacarrier
490 0 _aسلسلة الأعمال الإبداعية
650 4 _aالأدب العربي - روايات
_97309
999 _aA214
_c3782
_d3782